Verbreitung der italienischen Sprache - Statistiken

Allgemein
  • Dieses Quiz wurde 347 mal gespielt
  • Das Durchschnittsergebnis liegt bei 7 aus 10
Antwortstatistiken
Platz Land Anteil Anzahl % Korrekt
1. Italien 94,1% 56.040.000
99%
4. Schweiz 8,3% 717.000
92%
9. Frankreich 0,4% 270.000
89%
6. Deutschland 0,7% 583.000
88%
2. Vereinigte Staaten 0,6% 1.977.000
81%
7. Kanada 1,3% 494.000
65%
5. Brasilien 0,3% 638.000
49%
8. Australien 1,4% 360.000
43%
3. Argentinien 1,7% 771.000
42%
10. Belgien 2,1% 243.000
28%
Keine übereinstimmenden Quizze gefunden
Verteilung der Resultate
Anzahl Personen mit jedem Resultat
Perzentil nach korrekt beantworteten Fragen
Ihre Resultats-Entwicklung
Sie haben dieses Quiz noch nicht gespielt